Statistics for LOL Esports Worlds Winners

Click here to take the quiz!

General Stats

  • This quiz has been taken 16 times
  • The average score is 12 of 13

Answer Stats

YearAnswer% Correct
2011Fnatic
100%
2013SK Telecom T1
100%
2015SK Telecom T1
100%
2016SK Telecom T1
100%
2023T1
100%
2022DRX
87%
2019FunPlus Phoenix
87%
2018Invictus Gaming
87%
2017Samsung Galaxy
87%
2020Damwon Gaming
80%
2012
Taipei Assassins
80%
2021Edward Gaming
73%
2014Samsung White
73%

Score Distribution

Percentile by Number Answered

Percent of People with Each Score

Your Score History

You have not taken this quiz